000 00328nam a2200145 4500
020 _a0-7515-3647-4
082 _a813.54
100 _aShaun Hutson
245 _aRelics Spawn Shadows
260 _aUK
_bTime Warner Paper Backs
_c2004
300 _a325p.
_e18cm.
650 _aFiction
700 _aHutson, Shaun
942 _cBK
999 _c12306
_d12306